header

Energetics of the Earth (Record no. 33553)

MARC details
000 -LEADER
fixed length control field 01126nam a2200289Ia 4500
100 1# - MAIN ENTRY--AUTHOR NAME
Personal name Verhoogen, John,
245 10 - TITLE STATEMENT
Title Energetics of the Earth
260 ## - PUBLICATION, DISTRIBUTION, ETC. (IMPRINT)
Place of publication Washington, D.C. :
Name of publisher National Academy of Sciences,
Year of publication 1980.
300 ## - PHYSICAL DESCRIPTION
Number of Pages vi, 139 p. :
Other physical details ill.
650 #0 - SUBJECT ADDED ENTRY--TOPICAL TERM
Topical Term Earth temperature.
856 40 - ELECTRONIC LOCATION AND ACCESS
Uniform Resource Identifier http://site.ebrary.com/lib/rucke/Doc?id=10071958

No items available.

© 2026 Rongo University
Contact us: librarian | system librarian | Rongo university